LEADER 01017nam 2200361 450 001 9910317785503321 005 20221012114743.0 010 $a1-83881-799-9 010 $a1-78984-152-6 035 $a(CKB)4970000000100229 035 $a(NjHacI)994970000000100229 035 $a(EXLCZ)994970000000100229 100 $a20221012d2018 uy 0 101 0 $aeng 135 $aur||||||||||| 181 $ctxt$2rdacontent 182 $cc$2rdamedia 183 $acr$2rdacarrier 200 00$aEndocrine Disruptors /$fedited by Ahmed R. G 210 1$a[Place of publication not identified] :$cIntechOpen,$d2018. 215 $a1 online resource (152 pages) 311 $a1-78984-151-8 320 $aIncludes bibliographical references and index. 606 $aEndocrinology 615 0$aEndocrinology. 676 $a616.4 702 $aR. G$b Ahmed 801 0$bNjHacI 801 1$bNjHacl 906 $aBOOK 912 $a9910317785503321 996 $aEndocrine Disruptors$92088911 997 $aUNINA